[Event "Titled Tue 8th Nov Early"]
[Site "chess.com INT"]
[Date "2022.11.08"]
[Round "5"]
[White "Nakamura, Hi"]
[Black "Chigaev, M."]
[Result "1-0"]
[WhiteElo "2768"]
[BlackElo "2632"]
[PlyCount "75"]
[EventDate "2022.11.08"]

1. Nf3 Nf6 2. g3 g6 3. Bg2 Bg7 4. d3 O-O 5. e4 c5 6. O-O Nc6 7. Nbd2 d6 8. c3 Rb8 9. a4 a6 10. Re1 b5 11. d4 ({RR} 11. axb5 axb5 12. d4 Nd7 13. Nf1 b4 14. Be3 bxc3 15. bxc3 cxd4 16. cxd4 Nb6 17. Rc1 Na5 18. Qe2 Ra8 19. Bf4 Ba6 {½-½ (19) Sammour Hasbun,J (2449)-Petrosian,T (2592) ICC INT 2007}) ({RR} 11. axb5 axb5 12. d4 cxd4 13. cxd4 Nd7 14. Nb3 Nb6 15. d5 Nb4 16. Nbd4 Qe8 17. Qb3 Na6 18. Nc6 Nc5 19. Qxb5 Rb7 20. Qe2 e6 21. Nfd4 exd5 22. exd5 Qxe2 23. Rxe2 Bg4 24. Rc2 Bd1 25. Rc3 Ba4 {Machado,V (1775)-Rodrigues Mota,R (1953) Florianopolis BRA 2025 ½-½ (58)}) 11... b4 12. h3 Nd7 $146 ({RR} 12... bxc3 13. bxc3 cxd4 14. cxd4 Nd7 15. Nc4 Rb4 16. Bf1 Nb6 17. Nxb6 Qxb6 18. a5 Nxa5 19. Bd2 Nb3 20. Bxb4 Nxa1 21. Qxa1 Qxb4 22. Rb1 Bxd4 23. Nxd4 Qc5 24. Rc1 Qh5 25. Nc6 {1-0 (25) Hidalgo Santana,F (2266)-Trujillo Delgado,D (2002) Tenerife 2003}) 13. Nb3 a5 14. Bf1 Nb6 15. Be3 cxd4 16. cxd4 d5 17. e5 Nc4 18. Bc1 f6 19. e6 f5 20. Bf4 Rb6 21. Qc2 Nd6 22. Rad1 Ne4 23. Nc5 b3 24. Qc1 Nb4 25. Nxb3 Rxe6 26. Be5 Rc6 27. Qb1 f4 28. g4 h5 29. Bxg7 Kxg7 30. Ne5 hxg4 31. Rxe4 Rc2 32. Re2 Bf5 33. Rxc2 Bxc2 34. Nc5 Qd6 35. Qc1 Qf6 36. Rd2 Bf5 37. hxg4 Qg5 38. f3 1-0

[Event "Titled Tue 8th Nov Early"]
[Site "chess.com INT"]
[Date "2022.11.08"]
[Round "6"]
[White "Artemiev, V."]
[Black "Salinas Herrera, P."]
[Result "1-0"]
[WhiteElo "2701"]
[BlackElo "2514"]
[PlyCount "79"]
[EventDate "2022.11.08"]

1. Nf3 d5 2. g3 Nf6 3. Bg2 Bg4 4. c4 c6 5. Ne5 Be6 6. cxd5 Bxd5 7. Nf3 c5 8. Nc3 Bc6 9. O-O e6 10. d3 Be7 11. e4 O-O 12. Qe2 Nbd7 ({RR} 12... b5 13. a4 b4 14. Nb1 Bb7 15. Nbd2 Nc6 16. Nc4 Nd7 17. Rd1 Nd4 18. Nxd4 cxd4 19. b3 Nc5 20. Rb1 Ba6 21. Bf4 Rc8 22. h4 Bxc4 23. dxc4 d3 24. Qf3 Qd7 25. Bf1 Rfd8 26. Be3 Qc7 27. Bf4 {Harikrishna,P (2705)-Quesada Perez,Y (2608) Havana 2013 0-1 (59)}) 13. d4 b6 ({RR} 13... b5 14. Rd1 b4 15. d5 exd5 16. Nxd5 Nxd5 17. exd5 Bb7 18. Bf4 Re8 19. Qc2 Qb6 20. Nd2 Qa6 21. Nc4 Rad8 22. a3 Nb6 23. Ne3 Qb5 24. axb4 cxb4 25. Rxa7 Rd7 26. Rxb7 Rxb7 27. d6 Rd7 28. Bc6 {Donchenko,A (2626)-Dobre,C (2294) chess.com INT 2024 1-0 (32)}) 14. Rd1 Re8 15. dxc5 $146 ({RR} 15. Bf4 Qc8 16. Rac1 Qb7 17. Ne5 Nxe5 18. Bxe5 cxd4 19. Bxd4 b5 20. b4 a6 21. a3 Nd7 22. Nb1 a5 23. Rxc6 Qxc6 24. e5 Qa6 25. Bxa8 Rxa8 26. Bc3 Nb6 27. bxa5 Nd5 28. Be1 Bd8 29. Nc3 Nxc3 {Maletin,P (2563)-Belikov,V (2517) Belgorod 2008 ½-½ (36)}) 15... bxc5 16. Ne5 Nxe5 17. Rxd8 Rexd8 18. Be3 Rab8 19. h3 Nd3 20. b3 Ne5 21. Rc1 Nfd7 22. f4 Ng6 23. e5 Bxg2 24. Kxg2 Nb6 25. h4 Nd5 26. Nxd5 Rxd5 27. h5 Nf8 28. Qa6 Rd7 29. Bxc5 Bxc5 30. Rxc5 Rd2+ 31. Kh3 Nd7 32. Rc8+ Rxc8 33. Qxc8+ Nf8 34. a4 Rd3 35. b4 h6 36. b5 Rd4 37. a5 Rb4 38. b6 axb6 39. a6 Ra4 40. Qb7 1-0

[Event "Titled Tue 8th Nov Early"]
[Site "chess.com INT"]
[Date "2022.11.08"]
[Round "7"]
[White "Matlakov, M."]
[Black "Beerdsen, Thomas"]
[Result "1-0"]
[WhiteElo "2662"]
[BlackElo "2520"]
[PlyCount "59"]
[EventDate "2022.11.08"]

1. Nf3 h6 2. e4 g5 3. d4 g4 ({RR} 3... Bg7 4. h3 d6 5. Bd3 c5 6. c3 Qc7 7. Be3 Nd7 8. Nbd2 Ngf6 9. Nf1 Nh5 10. g3 Nhf6 11. g4 b6 12. Ng3 Bb7 13. Qc2 a6 14. Qe2 e6 15. Nd2 b5 16. h4 gxh4 17. Rxh4 Nb6 18. dxc5 {Grigoriants,S (2587)-Rapport,R (2720) Reykjavik 2016 ½-½}) ({RR} 3... Bg7 4. h4 g4 5. Ne5 d6 6. Nxg4 Bxg4 7. Qxg4 Bxd4 8. Nd2 Qd7 9. Qe2 Nf6 10. Nf3 Bb6 11. a4 a6 12. c3 Ng4 13. Be3 Nxe3 14. fxe3 Nc6 15. O-O-O O-O 16. g4 Qe6 17. Qc2 Ne5 18. Nd4 {Zhizmer,Y (2295)-Llorente Zaro,A (2433) chess.com INT 2024 0-1 (45)}) 4. Nfd2 ({RR} 4. Nh4 h5 5. h3 d5 6. e5 c5 7. dxc5 Nc6 8. Bf4 Bh6 9. Bxh6 Nxh6 10. Bb5 Be6 11. c3 Qc7 12. Qd4 Rg8 13. Nd2 Qa5 14. a4 gxh3 15. gxh3 Qc7 16. Qf4 Rh8 17. Ndf3 O-O-O 18. O-O-O Na5 {Terry,R (2520)-Beerdsen,T (2523) chess.com INT 2023 1-0 (57)}) 4... d5 $146 ({RR} 4... d6 5. Nc3 Bg7 6. Nb3 a6 7. Be3 h5 8. Qd2 Nd7 9. f4 c6 10. O-O-O b5 11. g3 a5 12. Kb1 a4 13. Nc1 b4 14. N3e2 Rb8 15. Bg2 Nb6 16. b3 axb3 17. cxb3 Nd7 18. Nd3 Qa5 19. Rc1 {Andersson,M (2313)-Ullen,J (2175) Stockholm 1999 1-0 (36)}) 5. Nc3 c5 6. Bb5+ Bd7 7. Bxd7+ Qxd7 8. Nb3 cxd4 9. Qxd4 Nf6 10. exd5 Na6 11. O-O Bg7 12. Bf4 O-O 13. Rad1 Rfd8 14. Be5 Qf5 15. f3 Qh5 16. d6 gxf3 17. gxf3 Nb4 18. Qxb4 Qxe5 19. dxe7 Re8 20. Rde1 Qh5 21. Qf4 Rac8 22. Kh1 Rc6 23. Rg1 Kh7 24. Nd4 Rc4 25. Qf5+ Qxf5 26. Nxf5 Bh8 27. Nd6 Rc7 28. Nxe8 Nxe8 29. Re4 Nf6 30. e8=Q 1-0

[Event "Titled Tue 8th Nov Early"]
[Site "chess.com INT"]
[Date "2022.11.08"]
[Round "9"]
[White "Postny, E."]
[Black "Harsha, B."]
[Result "1-0"]
[WhiteElo "2588"]
[BlackElo "2582"]
[PlyCount "67"]
[EventDate "2022.11.08"]

1. Nf3 b6 2. g3 Bb7 3. Bg2 g6 4. O-O Bg7 5. d4 Nf6 6. c4 O-O 7. Nc3 Ne4 8. Bd2 Nxd2 9. Qxd2 e6 10. e4 d6 11. Rad1 ({RR} 11. d5 e5 12. b4 Nd7 13. Rfc1 Qe7 14. Ne1 f5 15. Nd3 Nf6 16. Qe2 Bh6 17. Rc2 fxe4 18. Nxe4 Nxe4 19. Bxe4 a5 20. c5 bxc5 21. bxc5 Ba6 22. cxd6 cxd6 23. Rb1 Qa7 24. Kg2 Qd4 25. Rd1 Bc4 {Golis,W (2293)-Kirk,E (2394) Reykjavik ISL 2025 1-0 (33)}) 11... Nd7 12. Rfe1 Re8 $146 ({RR} 12... Qe7 13. d5 a5 14. Qc2 e5 15. a3 Ba6 16. Nd2 h5 17. b4 Bh6 18. Nb5 Bxb5 19. cxb5 axb4 20. axb4 Ra7 21. Nb3 Rfa8 22. Ra1 Nf6 23. Rxa7 Rxa7 24. Ra1 Rxa1+ 25. Nxa1 Qd7 26. Qd3 Qc8 27. Nc2 {Kuzubov,Y (2699)-Artemiev,V (2691) Riadh 2017 ½-½ (54)}) 13. h4 h6 14. d5 a5 15. Nd4 Nc5 16. dxe6 fxe6 17. e5 dxe5 18. Bxb7 exd4 19. Bxa8 Qxa8 20. Nb5 Rd8 21. Nxc7 Qc6 22. Nb5 e5 23. b3 e4 24. Qf4 d3 25. h5 gxh5 26. Qf5 Kh8 27. Qxh5 Rf8 28. Re3 Qf6 29. Rf1 Qb2 30. Nd6 d2 31. Nf7+ Kh7 32. Ng5+ Kg8 33. Nxe4 Ne6 34. Qd5 1-0

[Event "Titled Tue 8th Nov Early"]
[Site "chess.com INT"]
[Date "2022.11.08"]
[Round "10"]
[White "Matlakov, M."]
[Black "Artemiev, V."]
[Result "1-0"]
[WhiteElo "2662"]
[BlackElo "2701"]
[PlyCount "65"]
[EventDate "2022.11.08"]

1. Nf3 b6 2. e4 Bb7 3. Nc3 e6 4. d4 Bb4 5. Bd3 Nf6 6. Nd2 d5 7. e5 Nfd7 8. O-O Be7 9. Qg4 g6 10. Nf3 $146 ({RR} 10. Ne2 c5 11. c3 Nc6 12. Nf3 Qc7 13. a3 h5 14. Qg3 O-O-O 15. Bg5 Bxg5 16. Nxg5 Rdf8 17. h4 Ne7 18. Rac1 Nf5 19. Qf4 Kb8 20. Bxf5 gxf5 21. b4 c4 22. Qf3 Qc6 23. Nf4 f6 24. exf6 Rxf6 {Grandelius,N (2644)-Gomez Aguirre,J (2316) chess.com INT 2025 1-0 (48)}) 10... Ba6 11. Bxa6 Nxa6 12. Bh6 c6 13. Ne2 Bf8 14. Qf4 Bxh6 15. Qxh6 Qe7 16. Rac1 O-O-O 17. c4 dxc4 18. Rxc4 Kb7 19. Rfc1 Ndb8 20. a3 Nc7 21. h4 Nd5 22. Ng3 f5 23. exf6 Nxf6 24. Ne5 Rc8 25. b4 Rhd8 26. Qg5 Nd5 27. Qg4 Rf8 28. Ne2 Qd6 29. g3 Nd7 30. Qe4 Nxe5 31. dxe5 Qd7 32. Nd4 Qf7 33. f4 1-0

[Event "Titled Tue 8th Nov Early"]
[Site "chess.com INT"]
[Date "2022.11.08"]
[Round "10"]
[White "Nakamura, Hi"]
[Black "Svane, R."]
[Result "1-0"]
[WhiteElo "2768"]
[BlackElo "2619"]
[PlyCount "129"]
[EventDate "2022.11.08"]

1. Nf3 d5 2. g3 Nf6 3. Bg2 e6 4. d3 Be7 5. Nbd2 O-O ({RR} 5... Nc6 6. d4 O-O 7. O-O b5 8. c3 Bb7 9. Ne1 e5 10. e3 b4 11. Nc2 a5 12. Re1 Re8 13. a4 Bd6 14. Nb3 bxc3 15. bxc3 Ba6 16. Ba3 Ne4 17. Nc5 Bxc5 18. Bxc5 Nxc5 19. dxc5 e4 20. Bf1 {Nakamura,H (2768)-Fedoseev,V (2674) chess.com INT 2023 0-1 (57)}) ({RR} 5... a5 6. O-O a4 7. a3 c5 8. e4 Nc6 9. Re1 O-O 10. e5 Nd7 11. Nf1 Ra6 12. c3 b5 13. Bf4 d4 14. c4 bxc4 15. dxc4 Na5 16. Qxa4 Nb6 17. Qc2 Naxc4 18. N1d2 Nxd2 19. Bxd2 Bb7 20. Ng5 {Nakamura,H (2802)-Hakobyan,A (2617) chess.com INT 2024 ½-½ (60)}) 6. e4 a5 ({RR} 6... dxe4 7. dxe4 c5 8. e5 Nfd7 9. O-O Nc6 10. Re1 Qc7 11. Qe2 b6 12. c3 Bb7 13. a4 Rfd8 14. h4 Nf8 15. h5 Rd7 16. h6 g6 17. Nc4 Rad8 18. Bg5 Ba6 19. Qe4 Bxc4 20. Qxc4 Bxg5 21. Nxg5 {Duda,J (2732)-Titus,A (2202) chess.com INT 2024 1-0 (35)}) 7. O-O dxe4 $146 ({RR} 7... a4 8. a3 dxe4 9. dxe4 Nfd7 10. e5 Nc6 11. Qe2 b6 12. Rd1 Bb7 13. Ne4 Qc8 14. Bf4 Rd8 15. h4 h6 16. g4 Nf8 17. h5 Ra5 18. g5 hxg5 19. Nexg5 Rad5 20. Rxd5 Rxd5 21. Ne4 Nd4 22. Nxd4 {Nakamura,H (2736)-Bruzon Batista,L (2640) Chess.com INT 2020 1-0 (53)}) 8. dxe4 Nc6 9. e5 Nd7 10. Qe2 b6 11. Rd1 Bb7 12. Ne4 Qc8 13. Bg5 Bxg5 14. Nexg5 h6 15. Nh3 Rd8 16. Nf4 Nc5 17. Nh5 Rxd1+ 18. Rxd1 Qf8 19. Nd4 Nxd4 20. Rxd4 Bxg2 21. Kxg2 Rd8 22. Rg4 g6 23. Nf6+ Kg7 24. h4 Nd7 25. h5 Qc5 26. hxg6 Qxe5 27. Qxe5 Nxe5 28. Nh5+ Kg8 29. gxf7+ Kxf7 30. Rg7+ Kf8 31. Rxc7 Rd2 32. Nf4 Rd6 33. c4 Ke8 34. b3 Ng4 35. Kf3 Ne5+ 36. Ke2 a4 37. bxa4 Rd4 38. Nxe6 Re4+ 39. Kf1 Nf3 40. Ng7+ Kd8 41. Rf7 Re1+ 42. Kg2 Ne5 43. Ne6+ Ke8 44. Rc7 Re2 45. c5 bxc5 46. Nxc5 Rxa2 47. Rh7 Ng4 48. Kf3 Nxf2 49. Rxh6 Nd1 50. Rh4 Ke7 51. Rd4 Nc3 52. g4 Ra3 53. Kg2 Ne2 54. Re4+ Kd6 55. Nb7+ Kc6 56. Rxe2 Kxb7 57. Re4 Kc6 58. g5 Kd5 59. Rg4 Ke6 60. g6 Ra2+ 61. Kf3 Ra3+ 62. Ke2 Kf5 63. g7 Ra2+ 64. Kd1 Ra1+ 65. Kc2 1-0

[Event "Titled Tue 8th Nov Early"]
[Site "chess.com INT"]
[Date "2022.11.08"]
[Round "11"]
[White "Jones, G."]
[Black "Bacrot, E."]
[Result "1-0"]
[WhiteElo "2623"]
[BlackElo "2646"]
[PlyCount "55"]
[EventDate "2022.11.08"]

1. g3 d5 2. Nf3 Nf6 3. Bg2 g6 4. c4 d4 5. b4 Bg7 6. Bb2 ({RR} 6. d3 O-O 7. O-O a5 8. b5 Nfd7 9. a4 e5 10. Ba3 Re8 11. Nbd2 c5 12. Ne4 Qe7 13. e3 b6 14. exd4 exd4 15. Re1 Qf8 16. Nfg5 Ra7 17. Nxf7 Qxf7 18. Nd6 Rxe1+ 19. Qxe1 Qf8 20. Qe6+ Kh8 {Grischuk,A (2752)-Aronian,L (2784) Chess.com INT 2016 ½-½}) ({RR} 6. d3 c5 7. b5 O-O 8. O-O a6 9. a4 axb5 10. cxb5 Nd5 11. Bd2 Nd7 12. Qb3 N7f6 13. Na3 Be6 14. Nc4 Nb6 15. Nfe5 Nfd5 16. Nxb6 Nxb6 17. Nc4 Bd5 18. Bxd5 Nxd5 19. a5 Qd7 20. Rfc1 Qe6 {Vardanyan,A (2314)-Bacrot,E (2684) chess.com INT 2024 1-0 (70)}) 6... c5 7. bxc5 ({RR} 7. O-O O-O 8. d3 Nc6 9. b5 Nb8 10. e3 dxe3 11. fxe3 a6 12. a4 Ng4 13. Bxg7 Kxg7 14. Qe2 axb5 15. cxb5 Nd7 16. Nc3 Nde5 17. Nxe5 Nxe5 18. Nd5 Bf5 19. Qb2 f6 20. d4 cxd4 21. exd4 Nd3 {Friedel,J (2552)-Xu Yuanyuan (2288) Reykjavik ISL 2025 1-0 (36)}) 7... Nc6 8. d3 $146 ({RR} 8. e3 e5 9. O-O O-O 10. d3 dxe3 11. fxe3 Ng4 12. Qd2 e4 13. Bxg7 exf3 14. Bxf8 fxg2 15. Kxg2 Qxf8 16. h3 Nge5 17. Nc3 Qh6 18. h4 Bf5 19. Rxf5 gxf5 20. Nd5 Ng4 21. Rf1 Re8 22. Rf3 Ne7 {Clemens,C-Pfleger,H Bad Pyrmont 1963 0-1 (72)}) 8... Nd7 9. Ba3 O-O 10. O-O Qa5 11. Qe1 Qa4 12. Nfd2 Re8 13. Qd1 Qa6 14. Nb3 e5 15. Bb2 Bf8 16. Na3 Nxc5 17. Nb5 Qb6 18. Nxc5 Bxc5 19. Ba3 Bxa3 20. Nxa3 Bf5 21. Rb1 Qc7 22. Nb5 Qe7 23. c5 Qxc5 24. Nc7 Na5 25. Nxe8 Rxe8 26. Qa4 Rc8 27. Rb5 Qc1 28. Rxe5 1-0

[Event "Titled Tue 8th Nov Late"]
[Site "chess.com INT"]
[Date "2022.11.08"]
[Round "4"]
[White "Svane, R."]
[Black "Zakhartsov, Vl"]
[Result "1-0"]
[WhiteElo "2619"]
[BlackElo "2523"]
[PlyCount "73"]
[EventDate "2022.11.08"]

1. Nf3 g6 2. e4 Bg7 3. d4 d6 4. Bd3 Nf6 5. c3 Nc6 6. O-O e5 7. h3 O-O 8. Re1 Re8 9. Bc2 exd4 10. cxd4 Nb4 11. Nc3 Nxc2 12. Qxc2 h6 $146 ({RR} 12... c6 13. Bf4 b5 14. Rad1 b4 15. Na4 Rxe4 16. Rxe4 Bf5 17. Ng5 d5 18. f3 dxe4 19. fxe4 Nxe4 20. Nxe4 Qd5 21. Re1 Bxd4+ 22. Kh2 Kg7 23. Nac5 Bxc5 24. Qxc5 Re8 25. Qxb4 Bxe4 26. Qc3+ f6 27. Re2 {Svane,R (2615)-Ceres,D (2407) Chess.com INT 2022 0-1 (39)}) 13. Bd2 c6 14. Rad1 Qb6 15. e5 Bf5 16. Qc1 dxe5 17. dxe5 Nd7 18. g4 Be6 19. Bxh6 Bh8 20. Bg5 Qc5 21. Qf4 Qa5 22. Ne4 Bd5 23. Nf6+ Nxf6 24. Bxf6 Bxf6 25. exf6 Bxf3 26. b4 Rxe1+ 27. Rxe1 Qd8 28. Qxf3 Qd4 29. Re7 Qxb4 30. Qe3 Qb2 31. Re8+ Rxe8 32. Qxe8+ Kh7 33. Qxf7+ Kh6 34. Qe7 Qc1+ 35. Kg2 Qc4 36. f7 Qd5+ 37. Kh2 1-0

[Event "Titled Tue 8th Nov Late"]
[Site "chess.com INT"]
[Date "2022.11.08"]
[Round "5"]
[White "Chigaev, M."]
[Black "Jobava, Ba"]
[Result "1-0"]
[WhiteElo "2632"]
[BlackElo "2578"]
[PlyCount "69"]
[EventDate "2022.11.08"]

1. Nf3 d5 2. c4 d4 3. b4 c5 4. Bb2 f6 5. d3 e5 6. e3 Nc6 7. b5 Nce7 8. exd4 $146 ({RR} 8. Be2 g5 9. O-O a5 10. bxa6 bxa6 11. Nbd2 dxe3 12. fxe3 Nf5 13. Nxe5 fxe5 14. Bh5+ Ke7 15. Bxe5 Nf6 16. Qf3 Bg7 17. Qxa8 Nxh5 18. Qa7+ Ke8 19. Bxg7 Nhxg7 20. e4 Qe7 21. Qb8 Kf7 22. exf5 Qe3+ {Florian,J-Hostinsky,Z Brno 1937 1-0}) 8... exd4 9. g3 b6 10. Bg2 Bb7 11. O-O Qd7 12. Re1 Nh6 13. a4 Kf7 14. a5 Rb8 15. Nbd2 Ng6 16. axb6 axb6 17. Ra7 Be7 18. h4 Rhc8 19. h5 Nf8 20. Ne4 Rc7 21. Bc1 Ng4 22. Bf4 Ra8 23. Rxa8 Bxa8 24. Bxc7 Qxc7 25. Nfg5+ fxg5 26. Qxg4 Qd8 27. Qf5+ Kg8 28. Nxg5 Bxg5 29. Bxa8 Qxa8 30. Qxg5 h6 31. Qd5+ Qxd5 32. cxd5 Kf7 33. d6 Kf6 34. Kg2 Nd7 35. Re7 1-0

[Event "Titled Tue 8th Nov Late"]
[Site "chess.com INT"]
[Date "2022.11.08"]
[Round "7"]
[White "Svane, R."]
[Black "Kamsky, G."]
[Result "1-0"]
[WhiteElo "2619"]
[BlackElo "2666"]
[PlyCount "83"]
[EventDate "2022.11.08"]

1. Nf3 Nf6 2. g3 g6 3. Bg2 Bg7 4. O-O O-O 5. c4 c6 6. b3 d5 7. Bb2 Bg4 8. d3 Bxf3 9. Bxf3 e6 10. Nd2 a5 11. a3 Na6 12. Qc2 Qb6 13. Rab1 Rfd8 14. Rfc1 $146 ({RR} 14. e4 Ne8 15. d4 Qc7 16. Rbc1 Qe7 17. Bg2 Rac8 18. Rfd1 b6 19. Nf3 Nb8 20. Qe2 Nf6 21. Ne5 Nfd7 22. Nd3 Nf6 23. Qc2 Qb7 24. b4 axb4 25. axb4 Nbd7 26. Qb3 Nxe4 27. b5 c5 28. cxd5 exd5 {Bilek,I (2435)-Pytel,K (2435) Kallithea 1977 ½-½ (48)}) 14... Ne8 15. Bc3 Bxc3 16. Qxc3 d4 17. Qb2 Nc5 18. Ne4 Nxe4 19. Bxe4 Nf6 20. Bf3 Nd7 21. b4 axb4 22. axb4 Ne5 23. Bg2 Ra4 24. h3 g5 25. Qd2 f6 26. Rf1 Ng6 27. Be4 f5 28. Bg2 h6 29. h4 Rda8 30. hxg5 Ra2 31. Qc1 h5 32. Bf3 h4 33. gxh4 Nxh4 34. Qf4 Nxf3+ 35. exf3 Qd8 36. Rbe1 Kf7 37. Kg2 Qg8 38. Qc7+ Kg6 39. Qe7 Qf7 40. Rxe6+ Kg7 41. Qd6 Re8 42. Qe5+ 1-0

[Event "Titled Tue 8th Nov Late"]
[Site "chess.com INT"]
[Date "2022.11.08"]
[Round "8"]
[White "Svane, R."]
[Black "Indjic, A."]
[Result "1-0"]
[WhiteElo "2619"]
[BlackElo "2631"]
[PlyCount "99"]
[EventDate "2022.11.08"]

1. Nf3 {ChessBase} Nf6 2. g3 c5 3. c4 Nc6 4. Nc3 d5 5. cxd5 Nxd5 6. Bg2 Nc7 7. a3 ({RR} 7. O-O e5 8. d3 Be7 9. Nd2 Bd7 10. Nc4 f6 ({RR} 10... O-O 11. Bxc6 Bxc6 12. Nxe5 Be8) 11. f4 ({RR} 11. Be3 O-O 12. Qb3) 11... b5 12. Bxc6 Bxc6 13. Na5 Bd7 14. fxe5 Ne6 15. Nb7 Qb6 16. Nd6+ Bxd6 17. exd6 Qxd6 18. Ne4 Qe7 19. a4 bxa4 20. b3 O-O 21. bxa4 f5) 7... e5 8. b4 f6 ({RR} 8... cxb4 9. axb4 Bxb4 ({RR} 9... Nxb4 10. Nxe5) 10. Nxe5 Bxc3 ({RR} 10... Nxe5 11. Qa4+ Nc6 12. Bxc6+ bxc6 13. Qxb4) 11. Nxc6 bxc6 12. dxc3 ({RR} 12. Bxc6+ Bd7 13. Bxd7+ Qxd7 14. dxc3 Qc6 15. Qa4 Nb5 16. O-O O-O 17. c4 Nd4 18. Qxc6 Nxc6) 12... Qxd1+ 13. Kxd1) 9. Rb1 Rb8 ({RR} 9... cxb4 10. axb4 a6 ({RR} 10... Bxb4 11. Nxe5 fxe5 12. Bxc6+ bxc6 13. Rxb4 O-O) 11. O-O Be7 12. b5 ({RR} 12. Na4 Ne6) 12... axb5 13. Nxb5 Nxb5 14. Rxb5 O-O 15. d3 Ra5 16. Qb3+ Kh8 17. Be3 Be6 18. Qb1 Ra2 19. Re1 Na5 20. d4 ({RR} 20. Bb6 Qa8 21. Qxa2 Bxa2 22. Rxa5 Qc8 23. Rxa2) 20... exd4 21. Nxd4 Bg8 22. Rh5 ({RR} 22. Nf5) 22... Nc4 23. Be4 ({RR} 23. Qxa2 Nxe3 24. Qa4) ({RR} 23. Ne6 Qe8 24. Nf4 g5 25. Ng6+ Kg7 26. Nxf8 Kxf8 27. Rxh7 Bxh7 28. Qxa2 Nxe3 29. fxe3 Bb4 30. Rd1 Qxe3+ 31. Kh1) 23... h6 ({RR} 23... Nxe3 24. Bxh7 Ng4 25. Bxg8+ Kxg8 26. Qxa2+) ({RR} 23... Ra5 24. Rh3 Nxe3 25. fxe3 h6) 24. Bxh6 {Meier,G (2641)-Timofeev,A (2677) Havana 2009 CBM 131 [ChessBase] 1-0}) 10. b5 Nd4 11. e3 Nxf3+ 12. Qxf3 $146 ({RR} 12. Bxf3 b6 13. O-O Be7 14. d4 cxd4 15. exd4 exd4 16. Ne2 Bf5 17. Bc6+ Kf7 18. Qb3+ Be6 19. Qa4 Nd5 20. Bb2 Nc3 21. Bxc3 dxc3 22. Nf4 Qd6 23. Nxe6 Qxe6 24. Rfe1 Qd6 25. Rbd1 Qc5 26. Rxe7+ Qxe7 {Gordon,S (2474)-Chan,K (2311) Bangkok THA 2025 1-0}) 12... b6 13. O-O Be7 14. Rd1 Ne6 15. Qc6+ Bd7 16. Qe4 O-O 17. Bb2 Bc8 18. Qc4 Kh8 19. Ne2 Ng5 20. h4 Be6 21. Qa4 Nh3+ 22. Kf1 Qd7 23. d4 cxd4 24. exd4 e4 25. d5 Bg4 26. Qxe4 Bc5 27. Nd4 Rfe8 28. Qd3 Re5 29. f3 Bh5 30. Ne6 Bg6 31. Qc4 Nf2 32. Nxc5 bxc5 33. Kxf2 Bxb1 34. Rxb1 Ree8 35. a4 a6 36. Bf1 axb5 37. axb5 Qf5 38. Rd1 Ra8 39. d6 Red8 40. Qe4 Qd7 41. Bd3 f5 42. Qxf5 Qxf5 43. Bxf5 Ra2 44. Rd2 c4 45. d7 Kg8 46. Be6+ Kf8 47. Bxg7+ Kxg7 48. Rxa2 Kf6 49. Bg4 c3 50. Rc2 1-0

[Event "Titled Tue 8th Nov Late"]
[Site "chess.com INT"]
[Date "2022.11.08"]
[Round "8"]
[White "Nakamura, Hi"]
[Black "Kollars, Dmitrij"]
[Result "1-0"]
[WhiteElo "2768"]
[BlackElo "2611"]
[PlyCount "109"]
[EventDate "2022.11.08"]

1. Nf3 d5 2. g3 Bg4 3. Bg2 c6 4. d3 Nd7 5. h3 Bh5 6. g4 Bg6 7. Nh4 e6 8. Nxg6 hxg6 9. e3 Bd6 10. Nd2 ({RR} 10. Qe2 Ne7 11. Nd2 g5 12. Nf3 Ng6 13. Bd2 Nde5 14. O-O-O Qf6 15. Bc3 Nxf3 16. Bxf6 {1-0 (16) Morozevich,A (2755)-Rublevsky,S (2676) Moscow 2007}) 10... Ne7 $146 ({RR} 10... g5 11. Nf3 Qf6 12. d4 Qg6 13. c4 Ngf6 14. Qb3 O-O-O 15. Bd2 Ne4 16. Ba5 Rdf8 17. Qc2 f5 18. O-O-O Kb8 19. Be1 Qf7 20. Qe2 Rh6 21. Rf1 Rf6 22. Ng1 g6 23. f3 Ng3 24. Bxg3 Bxg3 25. Qc2 {Pap,G (2420)-Siklosi,Z (2374) Hungary 2007 1-0 (42)}) 11. Nf3 Qc7 12. b3 Ne5 13. Nd2 g5 14. Bb2 N7g6 15. d4 Nd7 16. c4 Nh4 17. Bf1 Nf6 18. a3 O-O 19. Qc2 Qe7 20. Bd3 e5 21. dxe5 Bxe5 22. O-O-O Rad8 23. Rhe1 Rfe8 24. Kb1 Bxb2 25. Kxb2 Ne4 26. Bxe4 dxe4 27. Nb1 Nf3 28. Rh1 b5 29. cxb5 cxb5 30. Nc3 Rc8 31. Rd5 Qf6 32. Rf5 Qc6 33. Rc1 Ne5 34. Rd1 Nd3+ 35. Rxd3 exd3 36. Qxd3 Red8 37. Qc2 g6 38. Rxb5 Qf6 39. Rb4 Rc7 40. Rc4 Rdc8 41. Rxc7 Rxc7 42. b4 Kh7 43. Qd2 Qe5 44. Qd4 Qxd4 45. exd4 Rc4 46. d5 Kg7 47. b5 Kf6 48. Kb3 Rf4 49. a4 Ke5 50. a5 Kd6 51. b6 axb6 52. axb6 Rf3 53. Kc4 Rf4+ 54. Kb5 Rxf2 55. Ne4+ 1-0

[Event "Titled Tue 8th Nov Late"]
[Site "chess.com INT"]
[Date "2022.11.08"]
[Round "11"]
[White "Chigaev, M."]
[Black "Sarana, A."]
[Result "1-0"]
[WhiteElo "2632"]
[BlackElo "2668"]
[PlyCount "203"]
[EventDate "2022.11.08"]

1. Nf3 d5 2. c4 d4 3. b4 c5 4. Bb2 Nf6 5. g3 e6 ({RR} 5... a5 6. b5 Nbd7 7. Bg2 e5 8. O-O Bd6 9. d3 O-O 10. a4 Ra7 11. Nbd2 Re8 12. e3 b6 13. Nh4 Nf8 14. Bc6 Bd7 15. Bxd7 Rxd7 16. e4 Ng6 17. Ng2 Rf8 18. f4 exf4 19. gxf4 Ne8 20. Rf3 {So,W (2760)-Anand,V (2757) Bucharest 2019 ½-½ (48)}) ({RR} 5... cxb4 6. Bxd4 Bg4 7. Bb2 Bxf3 8. exf3 e6 9. Bg2 Be7 10. O-O O-O 11. d4 Nc6 12. Qd3 a5 13. a4 e5 14. d5 Bc5 15. Rd1 Nd4 16. f4 Ng4 17. fxe5 Nc6 18. dxc6 Nxf2 19. Qxd8 Raxd8 20. Rxd8 {Seemann,J (2491)-Pogorelskikh,S (2313) Eforie Nord ROU 2025 1-0 (32)}) 6. Bg2 Nc6 $146 ({RR} 6... Be7 7. O-O O-O 8. b5 Nbd7 9. e3 e5 10. a4 Rb8 11. d3 b6 12. Nbd2 Bb7 13. Re1 Qc7 14. exd4 cxd4 15. Nxd4 Bxg2 16. Kxg2 exd4 17. Rxe7 Rfe8 18. Rxe8+ Rxe8 19. Bxd4 Nc5 20. Bxf6 gxf6 21. Qg4+ {Mekhitarian,K (2560)-Ribeiro,M (2244) chess.com INT 2024 1-0 (73)}) ({RR} 6... a5 7. b5 a4 8. a3 Bd6 9. e3 e5 10. exd4 cxd4 11. O-O Nbd7 12. d3 O-O 13. Nbd2 Nc5 14. Ne1 Bf5 15. Ndf3 h6 16. Ra2 Re8 17. Bc1 Qd7 18. Nh4 Bh7 19. Re2 Rad8 20. h3 e4 21. dxe4 {Cacheiro Blanco,D (2335)-Sarana,A (2674) chess.com INT 2024 0-1}) 7. b5 Na5 8. d3 Bd6 9. O-O O-O 10. e3 e5 11. Re1 a6 12. a4 h6 13. exd4 exd4 14. Nbd2 Bf5 15. Qc2 Bh7 16. h3 Qc7 17. Nb3 axb5 18. cxb5 Nd5 19. Nxa5 Nb4 20. Qb3 Qxa5 21. Bf1 Bf5 22. Nd2 Qc7 23. Kh2 h5 24. h4 Qd8 25. Kg1 Be6 26. Nc4 Qc7 27. Kh2 Rae8 28. Ba3 Nd5 29. Rac1 b6 30. Qd1 g6 31. Qd2 Nc3 32. a5 bxa5 33. b6 Qd7 34. Nxd6 Qxd6 35. Rxc3 dxc3 36. Qxc3 Qxb6 37. Bxc5 Rc8 38. d4 Qb8 39. Qe3 Rfd8 40. Qh6 Bf5 41. Bc4 Rd7 42. Re5 Qb2 43. Rxf5 gxf5 44. Qg6+ Kh8 45. Qxh5+ Kg8 46. Qg6+ Kh8 47. Qh6+ Kg8 48. Qg5+ Kh8 49. Qxf5 Rxc5 50. dxc5 Qd4 51. c6 Rc7 52. Bd3 Kg7 53. Qg5+ Kf8 54. Bf1 a4 55. Bg2 a3 56. Qa5 Qd6 57. Qa8+ Kg7 58. Qa5 f6 59. h5 Qe7 60. f4 Kf8 61. Qa8+ Kg7 62. Qa5 Qd6 63. Qf5 Kf8 64. h6 a2 65. Qa5 Rh7 66. Qa8+ Kf7 67. Qb7+ Kg6 68. Be4+ f5 69. Bxf5+ Kxf5 70. Qxh7+ Kg4 71. Qg8+ Kf3 72. Qb3+ Kg4 73. Qxa2 Qxh6+ 74. Kg1 Qxc6 75. Qf2 Qc1+ 76. Kh2 Qd1 77. Qg2 Kf5 78. Qh3+ Ke4 79. Qe6+ Kf3 80. Qc6+ Ke3 81. Qe6+ Kf3 82. Qc6+ Ke3 83. Qb6+ Kf3 84. Qb7+ Ke3 85. Qa7+ Kf3 86. Qa8+ Ke3 87. Qe8+ Kf2 88. Kh3 Qh1+ 89. Kg4 Qf3+ 90. Kf5 Qxg3 91. Qe5 Qh3+ 92. Kg5 Qg3+ 93. Kf6 Qh4+ 94. Qg5 Qh1 95. f5 Qb7 96. Kg6 Qe4 97. Kg7 Qd4+ 98. f6 Kf3 99. Kg8 Qc4+ 100. f7 Qb3 101. Kg7 Qb2+ 102. Qf6+ 1-0